Toán học rời rạc và những ứng dụng trong tin học /

Guardado en:
Detalles Bibliográficos
Autor principal: Rosen, Kenneth H.
Otros Autores: Bùi Xuân Toại (dịch.)
Formato: Sách giấy
Lenguaje:Vietnamese
Publicado: H. : Thống kê, 2010.
Edición:Tái bản lần thứ năm
Materias:
Etiquetas: Agregar Etiqueta
Sin Etiquetas, Sea el primero en etiquetar este registro!
Thư viện lưu trữ: Thư viện Trường Đại học Đà Lạt
LEADER 00963nam a2200337 4500
001 DLU110123788
005 ##20110810
040 # # |a DLU  |b vie 
041 # # |a vie 
044 # # |a vn 
082 # # |a 510  |b RO-K 
100 # # |a Rosen, Kenneth H. 
245 # # |a Toán học rời rạc và những ứng dụng trong tin học /  |c Kenneth H. Rosen; Bùi Xuân Toại dịch. 
246 # # |a Toán học rời rạc và ứng dụng trong tin học 
250 # # |a Tái bản lần thứ năm 
260 # # |a H. :  |b Thống kê,  |c 2010. 
300 # # |a 1239 tr. ;  |c 24 cm. 
650 # # |a Khoa học máy tính  |x Toán học  |v Giáo trình. 
650 # # |a Toán học rời rạc  |v Giáo trình 
700 # # |a Bùi Xuân Toại,  |e dịch. 
923 # # |a 09/2011 
991 # # |a GT 
992 # # |a 220000 
994 # # |a DLU 
900 # # |a True 
911 # # |a Đào Thị Thu Huyền 
925 # # |a G 
926 # # |a A 
927 # # |a SH 
980 # # |a Thư viện Trường Đại học Đà Lạt